ARRUPE JESUIT UNIVERSITY

CORONAVIRUS -STOP THE SPREAD - CLEAN,DISINFECT,COVER

The criminalization of the state in Africa / (Record no. 130798)

MARC details
000 -LEADER
fixed length control field 01473cam a2200361 a 4500
001 - CONTROL NUMBER
control field 3562048
003 - CONTROL NUMBER IDENTIFIER
control field ARRUPE
005 - DATE AND TIME OF LATEST TRANSACTION
control field 20211013122228.0
008 - FIXED-LENGTH DATA ELEMENTS--GENERAL INFORMATION
fixed length control field 980805s1999 enkab b s001 0 eng
010 ## - LIBRARY OF CONGRESS CONTROL NUMBER
LC control number 98038856
020 ## - INTERNATIONAL STANDARD BOOK NUMBER
International Standard Book Number 0253335248 (cloth)
020 ## - INTERNATIONAL STANDARD BOOK NUMBER
International Standard Book Number 0253212863 (paper)
040 ## - CATALOGING SOURCE
Original cataloging agency DLC
Transcribing agency DLC
Modifying agency DLC
041 1# - LANGUAGE CODE
Language code of text/sound track or separate title eng
Language code of original and/or intermediate translations of text fre
043 ## - GEOGRAPHIC AREA CODE
Geographic area code f------
050 00 - LIBRARY OF CONGRESS CALL NUMBER
Classification number JQ1875.A55
Item number C63513 1999
082 00 - DEWEY DECIMAL CLASSIFICATION NUMBER
Classification number 364.1/323/0967
Edition number 21
300 ## - PHYSICAL DESCRIPTION
Other physical details ill., maps ;
Dimensions 23 cm.
100 1# - MAIN ENTRY--PERSONAL NAME
Personal name Bayart, Jean-François.
9 (RLIN) 50430
240 10 - UNIFORM TITLE
Uniform title <a href="Criminalisation de l'Etat en Afrique.">Criminalisation de l'Etat en Afrique.</a>
Language of a work English
245 14 - TITLE STATEMENT
Title The criminalization of the state in Africa /
Statement of responsibility, etc Jean-François Bayart, Stephen Ellis, Béatrice Hibou ; translated from the French by Stephen Ellis.
260 ## - PUBLICATION, DISTRIBUTION, ETC. (IMPRINT)
Place of publication, distribution, etc [London] :
Name of publisher, distributor, etc International African Institute in association with J. Currey, Oxford ;
Place of publication, distribution, etc Bloomington :
Name of publisher, distributor, etc Indiana University Press,
Date of publication, distribution, etc 1999.
300 ## - PHYSICAL DESCRIPTION
Extent xviii, 126 p. :
440 #0 - SERIES STATEMENT/ADDED ENTRY--TITLE
Title African issues
9 (RLIN) 30308
504 ## - BIBLIOGRAPHY, ETC. NOTE
Bibliography, etc Includes bibliographical references (p. 122-123) and index.
650 #0 - SUBJECT ADDED ENTRY--TOPICAL TERM
Topical term or geographic name as entry element Political corruption
Geographic subdivision Africa.
9 (RLIN) 10548
650 #0 - SUBJECT ADDED ENTRY--TOPICAL TERM
Topical term or geographic name as entry element Political crimes and offenses
Geographic subdivision Africa.
9 (RLIN) 50431
700 1# - ADDED ENTRY--PERSONAL NAME
Personal name Ellis, Stephen,
Dates associated with a name 1953-
9 (RLIN) 50432
700 1# - ADDED ENTRY--PERSONAL NAME
Personal name Hibou, Béatrice.
9 (RLIN) 50433
710 2# - ADDED ENTRY--CORPORATE NAME
Corporate name or jurisdiction name as entry element International African Institute.
9 (RLIN) 3663
906 ## - LOCAL DATA ELEMENT F, LDF (RLIN)
a 7
b cbc
c orignew
d 1
e ocip
f 19
g y-gencatlg
942 ## - ADDED ENTRY ELEMENTS (KOHA)
Source of classification or shelving scheme Library of Congress Classification
Koha item type Monograph ( Printed materials)
Holdings
Withdrawn status Lost status Source of classification or shelving scheme Damaged status Not for loan Collection code Home library Current library Shelving location Date acquired Total Checkouts Full call number Barcode Date last seen Price effective from Koha item type
    Library of Congress Classification     Main Collection ARRUPE LIBRARY ARRUPE LIBRARY Main Collection 13/10/2021   JQ1875.A55 C63513 1999 46600007479 13/10/2021 13/10/2021 Monograph ( Printed materials)

 

Arrupe Library. PO Box MP320 Mt Pleasant, Harare, Zimbabwe
263 242 745411|librarian@aju.ac.zw